| 000 | 00591nam a22001937a 4500 | ||
|---|---|---|---|
| 005 | 20250722153814.0 | ||
| 010 | _aENG-146064 | ||
| 020 |
_a9789357437103 _c180.00 |
||
| 035 | _aEN-129596 | ||
| 037 | _bDBAD | ||
| 082 | _a796.35 | ||
| 100 |
_aDoshi, Sushil _983142 |
||
| 245 |
_aThe Art and Science of CRICKET COMMENTARY/ _cSushil Doshi |
||
| 250 | _a1 | ||
| 260 |
_aNew Delhi _bNational Book Trust, India _c2024 |
||
| 270 |
_aNehru Bhawan, 5 Institutional Area, Phase-II Vasant Kunj _bNew Delhi _e110070 |
||
| 300 |
_a120p. _c20cm(pb) |
||
| 942 |
_2ddc _cEN _mDOS _h796.35 |
||
| 999 |
_c212465 _d212465 |
||